000 00503nmm a2200169Ia 4500
008 251105s9999||||xx |||||||||||||||||und||
020 _a9788413050621
041 _aspa
100 _aArranz Santos,Rebeca
245 0 _aBreve historia de la mitología griega :
_b Mitos 3
264 _a[Madrid, España] :
_bEdiciones Nowtilus,
_c2019
300 _a384 páginas
490 _aBreve historia
650 _aHistory (General)
856 _uhttps://public.digitaliapublishing.com/a/171937
942 _cCF
999 _c76309
_d76309